书目信息 |
| 题名: |
影视剧作法
|
|
| 作者: | 王世杰 主编 | |
| 分册: | ||
| 出版信息: | 北京 北京大学出版社 2010 |
|
| 页数: | 231页 | |
| 开本: | 26cm | |
| 丛书名: | ||
| 单 册: | ||
| 中图分类: | I053.5 | |
| 科图分类: | ||
| 主题词: | 电影文学剧本--创作方法--高等学校--教材 , 电视文学剧本--创作方法--高等学校--教材 , 电影文学剧本 , 创作方法 , 电视文学剧本 | |
| 电子资源: | ||
| ISBN: | 978-7-301-17286-5 | |
| 000 | 01059nam0 2200289 45 | |
| 001 | 1130134109 | |
| 005 | 20110309155227.20 | |
| 010 | @a978-7-301-17286-5@dCNY31.00 | |
| 100 | @a20110111d2010 em y0chiy50 ea | |
| 101 | 0 | @achi |
| 102 | @aCN@b110000 | |
| 105 | @aa z 000yy | |
| 106 | @ar | |
| 200 | 1 | @a影视剧作法@AYing Shi Ju Zuo Fa@f王世杰主编@FWang Shi Jie Zhu Bian |
| 210 | @a北京@c北京大学出版社@d2010 | |
| 215 | @a231页@c图@d26cm | |
| 300 | @a21世纪全国高校应用人才培养规划教材 | |
| 330 | @a本书主要从电影剧作和电视剧作两大方面分别进行介绍。其中,电影剧作侧重对剧作的叙事法学习,从剧作的几大元素入手,分别进行剖析,最后结合实例,进行整体验收;电视剧作方面,则结合市场的发展现状,从不同的剧作类型,进行特色剖析。 | |
| 606 | 0 | @a电影文学剧本@x创作方法@x高等学校@j教材 |
| 606 | 0 | @a电视文学剧本@x创作方法@x高等学校@j教材 |
| 606 | 0 | @a电影文学剧本 |
| 606 | 0 | @a创作方法 |
| 606 | 0 | @a电视文学剧本 |
| 690 | @aI053.5@v4 | |
| 701 | 0 | @a王世杰@AWang Shi Jie@4主编 |
| 801 | 0 | @aCN@bTANGWEI@c20110309 |
| 905 | @b0529722-25@dI053.5@e180@f4 | |
| 影视剧作法/王世杰主编.-北京:北京大学出版社,2010 |
| 231页:图;26cm |
| 21世纪全国高校应用人才培养规划教材 |
| ISBN 978-7-301-17286-5:CNY31.00 |
| 本书主要从电影剧作和电视剧作两大方面分别进行介绍。其中,电影剧作侧重对剧作的叙事法学习,从剧作的几大元素入手,分别进行剖析,最后结合实例,进行整体验收;电视剧作方面,则结合市场的发展现状,从不同的剧作类型,进行特色剖析。 |
| ● |
| 相关链接 |
|
|
|
|
正题名:影视剧作法
索取号:I053.5/180
 
预约/预借
| 序号 | 登录号 | 条形码 | 馆藏地/架位号 | 状态 | 备注 |
| 1 | 0529722 | 205297221 | 第一样本阅览室/ [索取号:I053.5/180] | 在馆 | |
| 2 | 0529723 | 205297230 | 第二借阅区/ [索取号:I053.5/180] | 在馆 | |
| 3 | 0529724 | 205297249 | 第二借阅区/ [索取号:I053.5/180] | 在馆 | |
| 4 | 0529725 | 205297258 | 第二借阅区/ [索取号:I053.5/180] | 在馆 |